| 000 | 00367nam a22001457a 4500 | ||
|---|---|---|---|
| 003 | SGT | ||
| 020 | _a978-0-387-09527-1 | ||
| 082 |
_a616.89 _bA09M |
||
| 100 | _aMATSON, JOHNNY L. | ||
| 245 | _aASSESSING CHILDHOOD PSYCHOPATHOLOGY & DEVELOPMENT DISATILATOS | ||
| 260 |
_aNEW YORK _bSPRINGER _c2009 |
||
| 300 | _a506 | ||
| 650 | _aPSYCHOPATHOLOGY | ||
| 942 |
_2ddc _cBK |
||
| 999 |
_c15030 _d15030 |
||